书目信息 |
| 题名: |
丛书集成初编
|
|
| 作者: | 马寿龄述 | |
| 分册: | 1138 说文段注撰要 | |
| 出版信息: | 北京 中华书局 1985 |
|
| 页数: | 689-870页 | |
| 开本: | 20cm | |
| 丛书名: | ||
| 单 册: | ||
| 中图分类: | Z12 | |
| 科图分类: | ||
| 主题词: | 丛书--中国 , 丛书--中国 | |
| 电子资源: | ||
| ISBN: | ||
| 000 | 00688nam0 2200241 450 | |
| 001 | 0638626631 | |
| 005 | 20060820090312.93 | |
| 010 | @dCNY10000.00(套价) | |
| 100 | @a20060802d1985 km y0chiy0120 ea | |
| 101 | 0 | @achi |
| 102 | @aCN@b110000 | |
| 102 | @aCN@b110000 | |
| 200 | 1 | @a丛书集成初编@Acong shu ji cheng chu bian@i说文段注撰要@h1138@h五@f马寿龄述@Fma shou ling shu |
| 205 | @a新1版 | |
| 210 | @a北京@c中华书局@d1985 | |
| 215 | @a689-870页@d20cm | |
| 517 | 1 | @a说文段注撰要@Ashuo wen duan zhu zhuan yao |
| 606 | 0 | @a丛书@x中国 |
| 606 | 0 | @a丛书@x中国 |
| 690 | @aZ12@v3 | |
| 701 | 0 | @a马寿龄述@Ama shou ling shu |
| 801 | 0 | @aCN@bPFT@c20060820 |
| 905 | @a10447@dZ12@e53:1138 | |
| 丛书集成初编.说文段注撰要.1138.五/马寿龄述.-新1版.-北京:中华书局,1985 |
| 689-870页;20cm |
| ISBN :CNY10000.00(套价) |
| ● |
| 相关链接 |
|
|
|
|
正题名:丛书集成初编
索取号:Z12/53:1138
 
预约/预借
| 序号 | 登录号 | 条形码 | 馆藏地/架位号 | 状态 | 备注 |
| 1 | 0464629 | 204646295 | 密集书库/ [索取号:Z12/53:1138] | 在馆 |